000 00835nam a2200277 a 4500
001 BRL_889
005 20190320210936.0
008 231013s1991----mx-a######---#000-0#eng-#
020 _a9687074299
041 _aeng
044 _amx
050 4 _aNK4031
_b.M85 1991
100 1 _aMuller, Florencia
_924338
245 1 0 _aA guide to mexican Ceramic
_cby Barbara Hopkins and Florencia Muller.
250 _a4
260 _aMéxico, D.F.
_bMinutiae Mexicana
_c1991
300 _a128 p.
_bil. (algunas a color)
_c17 cm.
440 0 _aMinutiae Mexicana Series
_925245
500 _aVer también número de sistema 882 perteneciente al Fondo Ruth Lechuga
500 _aAu1065
650 1 4 _aCerámica mexicana
_925246
650 1 4 _aArte popular
_zMéxico
_9882
700 1 _aHopkins, Barbara
_925247
902 _aGRL
942 _2lcc
_cB
999 _c9701
_d9701